Systém jednostranného zamedzenia dvojitého zdanenia v Slovenskej republike

Definícia dvojitého zdanenia podľa OECD. Metódy, ktoré sa používajú na zamedzenie dvojitého zdanenia: metóda nákladového odpočtu, metóda zápočtu a metóda vyňatia. Jednostranné opatrenia na zamedzenie dvojitého zdanenia. Modelové príklady, ktoré dokumentujú mechanizmus fungovania a ekonomické dopady...

Descrizione completa

Salvato in:
Dettagli Bibliografici
Autore principale: Geško, Martin
Natura: Capitolo di libro
Lingua:slovacco
Soggetti:
Tags: Aggiungi Tag
Nessun Tag, puoi essere il primo ad aggiungerne!!

MARC

LEADER 00000naa$a2200000$$$4500
001 0082104
005 20240502071924.8
041 0 |a slo 
044 |a SK 
245 1 0 |a Systém jednostranného zamedzenia dvojitého zdanenia v Slovenskej republike  |c Martin Geško 
520 |a Definícia dvojitého zdanenia podľa OECD. Metódy, ktoré sa používajú na zamedzenie dvojitého zdanenia: metóda nákladového odpočtu, metóda zápočtu a metóda vyňatia. Jednostranné opatrenia na zamedzenie dvojitého zdanenia. Modelové príklady, ktoré dokumentujú mechanizmus fungovania a ekonomické dopady jednotlivých metód. Uplatňovanie politiky čiastkovej neutrality. Problematika dvojitého zdanenia v Slovenskej republike. Jednostranné prostriedky na zamedzenie dvojitého zdanenia v právnom systéme Rakúska, Česka a Holandska. 
610 2 0 |a dane z príjmov 
610 2 0 |a zdaňovanie 
610 2 0 |a zaťaženie daňové 
610 2 0 |a legislatíva 
610 2 0 |a zmluvy medzinárodné 
610 2 0 |a Slovensko 
610 2 0 |a Európa 
100 1 |a Geško, Martin